000 00785nab a2200241 u 4500
001 17051
003 HDC
007 cr bn ---aaaaa
008 210222c20110804xx dr|noo 0 a eng d
040 _aHDC
245 0 _aMalaysia: Golden Churn butter confirmed to contain pig DNA
260 _a[No place] :
_b[publisher not identified],
_c2011
336 _atext
_2rdacontent
337 _acomputer
_2rdamedia
338 _aonline resource
_2rdacarrier
650 _aFood industry
_9536
650 _ahalal logo
_91692
710 _aHalal Focus
856 _zRequest full-text at [email protected]
942 _2lcc
942 _cNEWS
942 _kNWSO 005847
999 _c14367
_d14367